のと鉄道線の駅(2000年) - Statistics

General Stats
  • This quiz has been taken 4 times
  • The average score is 33 of 41
Answer Stats
路線 所在地 備考 駅名 % Correct
七尾線 七尾市 JR七尾線と共用 七尾
100%
七尾線 七尾市 JR七尾線と共用 和倉温泉
100%
七尾線 鹿島郡田鶴浜町(現:七尾市) 田鶴浜
100%
七尾線 鹿島郡中島町 (現:七尾市) 能登中島
100%
七尾線 鹿島郡中島町 (現:七尾市) 西岸
100%
七尾線 鳳至郡穴水町(現:鳳珠郡) 能登鹿島
100%
七尾線 鳳至郡穴水町 (現:鳳珠郡) 穴水
100%
七尾線 輪島市 廃止区間 輪島
100%
能登線 鳳至郡穴水町 (現:鳳珠郡) 廃止区間 穴水
100%
能登線 珠洲郡内浦町 (現:鳳珠郡能登町) 廃止区間 恋路
100%
能登線 珠洲市 廃止区間 蛸島
100%
七尾線 鹿島郡中島町 (現:七尾市) 笠師保
75%
七尾線 輪島市 廃止区間 能登三井
75%
七尾線 輪島市 廃止区間 能登市ノ瀬
75%
能登線 鳳至郡穴水町 (現:鳳珠郡) 廃止区間 比良
75%
能登線 鳳至郡穴水町 (現:鳳珠郡) 廃止区間 鹿波
75%
能登線 鳳至郡穴水町 (現:鳳珠郡) 廃止区間
75%
能登線 鳳至郡穴水町 (現:鳳珠郡) 廃止区間 沖波
75%
能登線 鳳至郡穴水町 (現:鳳珠郡) 廃止区間 前波
75%
能登線 鳳至郡穴水町 (現:鳳珠郡) 廃止区間 古君
75%
能登線 鳳至郡能都町 (現:鳳珠郡能登町) 廃止区間 鵜川
75%
能登線 鳳至郡能都町 (現:鳳珠郡能登町) 廃止区間 七見
75%
能登線 鳳至郡能都町 (現:鳳珠郡能登町) 廃止区間 矢波
75%
能登線 鳳至郡能都町 (現:鳳珠郡能登町) 廃止区間 波並
75%
能登線 鳳至郡能都町 (現:鳳珠郡能登町) 廃止区間 藤波
75%
能登線 鳳至郡能都町 (現:鳳珠郡能登町) 廃止区間 羽根
75%
能登線 鳳至郡能都町 (現:鳳珠郡能登町) 廃止区間 小浦
75%
能登線 鳳至郡能都町 (現:鳳珠郡能登町) 廃止区間 縄文真脇
75%
能登線 珠洲郡内浦町 (現:鳳珠郡能登町) 廃止区間 九十九湾小木
75%
能登線 珠洲郡内浦町 (現:鳳珠郡能登町) 廃止区間 白丸
75%
能登線 珠洲郡内浦町 (現:鳳珠郡能登町) 廃止区間 九里川尻
75%
能登線 珠洲郡内浦町 (現:鳳珠郡能登町) 廃止区間 松波
75%
能登線 珠洲市 廃止区間 鵜島
75%
能登線 珠洲市 廃止区間 南黒丸
75%
能登線 珠洲市 廃止区間 鵜飼
75%
能登線 珠洲市 廃止区間 上戸
75%
能登線 珠洲市 廃止区間 飯田
75%
能登線 珠洲市 廃止区間 珠洲
75%
能登線 珠洲市 廃止区間 正院
75%
能登線 鳳至郡穴水町 (現:鳳珠郡) 廃止区間 中居
50%
能登線 鳳至郡能都町 (現:鳳珠郡能登町) 廃止区間 宇出津
50%
No matching quizzes found
Score Distribution
Percent of People with Each Score
Percentile by Number Answered
Your Score History
You have not taken this quiz